| 000 | 01092cam a2200313 i 4500 | ||
|---|---|---|---|
| 999 |
_c42751 _d42751 |
||
| 001 | 42751 | ||
| 003 | Mx-PuUPA | ||
| 005 | 20200818091947.0 | ||
| 008 | 140415s2000 mx a gr 001 0 spa d | ||
| 020 | _a9789682460814 | ||
| 040 |
_aMx-PuUPA _bspa _cMx-PuUPA _dMx-PuUPA _erda |
||
| 041 | 0 | _aspa | |
| 100 | 1 |
_aCasas, Ma. de la Luz, _q(María de la Luz) _eautor _99750 |
|
| 245 | 1 | 0 |
_aEducación sexual para jóvenes : _bguía para padres y maestros / _cMa. de la Luz Casas, Ma. de los Ángeles Ituarte |
| 250 | _aSegunda edición | ||
| 264 | 4 |
_aMéxico, D.F. : _bEditorial Trillas, _c2000 |
|
| 300 |
_a260 páginas : _bilustraciones ; _c24 cm |
||
| 336 |
_atexto _2rdacontent _btxt |
||
| 337 |
_asin medio _2rdamedia _bn |
||
| 338 |
_avolumen _2rdacarrier _bnc |
||
| 650 | 4 | _aEducación sexual para jóvenes | |
| 650 | 4 | _aAdolescencia | |
| 650 | 4 | _aPadres e hijos | |
| 700 | 1 |
_aItuarte, Ma. de los Ángeles, _eautor |
|
| 942 |
_2ddc _cLI _h306.76 _iC334 |
||